ბათუმის შოთა რუსთაველის სახელმწიფო უნივერსიტეტის ბიბლიოთეკა

სასჯელაღსრულებითი სამართალი : ნორმატიული აქტების კრებული : (ბიბ.ჩანაწერი № 59355)

000 -ლიდერი
ფიქსირებული სიგრძის საკონტროლო ველი 00972nam a22001817a 4500
003 - საკონტროლო ნომრის იდენტიფიკატორი
საკონტროლო ველი Ge_BSU
005 - ბოლო ოპერაციის თარიღი და დრო
საკონტროლო ველი 20230130110225.0
008 - ფიქსირებული სიგრძის მონაცემთა ელემენტები - ზოგადი ინფორმაცია
ფიქსირებული სიგრძის საკონტროლო ველი 230130s2011 ge ||||| |||| 00| 0 geo d
041 ## - ენის კოდი
Language code of text/sound track or separate title geo
080 ## - უნივერსალური ათობითი კლასიფიკაციის ინდექსი
Universal Decimal Classification number 343.8(479.22)(094.1) ს-30
245 ## - ცნობა სათაურის შესახებ
Title სასჯელაღსრულებითი სამართალი : ნორმატიული აქტების კრებული :
Remainder of title ცვლილებებითა და დამატებებით 2011 წლის 1 აგვისტომდე.
264 ## - წარმოების, გამოცემის, დისტრიბუციის და სხვა ცნობები
გამოცემის, წარმოების, დისტრიბუციის... ადგილი თბილისი :
გამოცემის, წარმოების, დისტრიბუციის... სახელწოდება ბონა კაზუა,
გამოცემის, წარმოების, დისტრიბუციის... თარიღი 2011.
300 ## - ფიზიკური აღწერა
Extent 240 გვ. ;
Other physical details 20 სმ.
440 ## - სერიის ცნობა / დამატებულია ჩანაწერი - სათაური
Title იურისტის ბიბლიოთეკა
9 (RLIN) 137
653 ## - INDEX TERM--UNCONTROLLED
Uncontrolled term საქართველოს სასჯელაღსრულებითი სამართალი
653 ## - INDEX TERM--UNCONTROLLED
Uncontrolled term ნორმატიული აქტების კრებული.
942 ## - ADDED ENTRY ELEMENTS (KOHA)
Source of classification or shelving scheme
Koha item type წიგნი
ეგზემპლარები
ჩამოწერის სტატუსი დაკარგული ეგზემპლარის სტატუსი კლასიფიკაციის წყარო ან თაროზე გაწყობის სქემა დაზიანების სტატუსი არ გაიცემა მუდმივი მდებარეობა (დაცვის ადგილი) ამჟამინდელი ადგილსამყოფელი თაროზე განთავსების ადგილი შეძენის თარიღი ღირებულება, შესყიდვის ნორმალური ფასი სრული შენახვის შიფრი შტრიხკოდი ბოლო ოპერაციის თარიღი ეგზემპლარის მიმდევრობითი ნომერი (კეტერი?) ფასის ძალაში შესვლის თარიღი ეგზემპლარის სახეობა საჯარო შენიშვნა
          ბათუმის შოთა რუსთაველის სახელმწიფო უნივერსიტეტის მთავარი ბიბლიოთეკა ბათუმის შოთა რუსთაველის სახელმწიფო უნივერსიტეტის მთავარი ბიბლიოთეკა წიგნსაცავი 2023-01-30 8.00 343.8(479.22)(094.1) ს-30 63647 2023-01-30 63647 2023-01-30 წიგნი 8 ლ.